| 000 | 00434nam a2200133Ia 4500 | ||
|---|---|---|---|
| 008 | 170221s9999 xx 000 0 und d | ||
| 100 | _aNighat Naeem | ||
| 245 | _aIMPACT OF ORGANIZATIONAL CULTURE AND PROMOTIONAL POLICIES ON EMPLOYEE JOB SATISFACTION: THE CASE OF PAKISTAN | ||
| 245 | _cNighat Naeem | ||
| 260 | _c2012 | ||
| 300 | _a6 : | ||
| 650 | _xBusiness | ||
| 856 | _uhttp://escijournals.net/index.php/JBF/article/view/235/229 | ||
| 999 |
_c313368 _d313368 |
||